L' ennui

Uloženo v:
Podrobná bibliografie
Hlavní autor: Moravia, Alberto (autor)
Médium: Kniha
Jazyk:italština
Vydáno: París Flammarion 1961
Témata:
Tagy: Přidat tag
Žádné tagy, Buďte první, kdo vytvoří štítek k tomuto záznamu!

MARC

LEADER 00000nam a2200000 a 4500
001 UCZ1775
003 CL-VaPUC
008 950907e19610000FR |||||||||||||||||ita|d
082 0 4 |a 853  |b MOR  |2 21 
100 |a Moravia, Alberto  |e autor  |9 585214 
245 1 3 |a L' ennui 
300 |a 250 p 
942 |c BK 
945 |d 19950907 00:00:00  |a rbrito 
260 |a París  |b Flammarion  |c 1961 
650 0 |a Novela italiana  |9 265740 
583 |a last modification  |c 19950907 00:00:00  |k Rodrigo Vera 
999 |c 238478  |d 238476 
952 |0 0  |1 0  |4 0  |6 853_000000000000000_MOR_1961  |7 0  |8 A  |9 248676  |a BIBEDU  |b BIBEDU  |d 2019-11-18  |i 3120139  |o 853 MOR 1961  |p 3120139  |r 2019-11-18  |w 2019-11-18  |y BK  |k LIT